Normal view
MARC view
Entry Personal Name
001 - CONTROL NUMBER
- control field: 11500
003 - CONTROL NUMBER IDENTIFIER
- control field: OSt
005 - DATE AND TIME OF LATEST TRANSACTION
- control field: 20170207190534.0
008 - FIXED-LENGTH DATA ELEMENTS
- fixed length control field: 170207|| aca||aabn | a|a d
040 ## - CATALOGING SOURCE
- Original cataloging agency: OSt
- Transcribing agency: OSt
100 ## - HEADING--PERSONAL NAME
- Personal name: Wolf-Heidegger, G; K๏ฟฝopf-Maier, P.
670 ## - SOURCE DATA FOUND
- Source citation: Work cat.: (OSt)47: Wolf-Heidegger, G; K๏ฟฝopf-Maier, P., Wolf-Heidegger's atlas of human anatomy., 2001.
